<?xml version="1.0" encoding="UTF-8"?>
<record
    xmlns:xsi="http://www.w3.org/2001/XMLSchema-instance"
    xsi:schemaLocation="http://www.loc.gov/MARC21/slim http://www.loc.gov/standards/marcxml/schema/MARC21slim.xsd"
    xmlns="http://www.loc.gov/MARC21/slim">

  <leader>00734nam a2200229 i 4500</leader>
  <datafield tag="999" ind1=" " ind2=" ">
    <subfield code="c">7594</subfield>
    <subfield code="d">7594</subfield>
  </datafield>
  <controlfield tag="003">OSt</controlfield>
  <controlfield tag="005">20211222133920.0</controlfield>
  <controlfield tag="008">970207s1992    sp            000 0 spa d</controlfield>
  <datafield tag="040" ind1=" " ind2=" ">
    <subfield code="a">ES-MaCSI. </subfield>
    <subfield code="b">spa. </subfield>
    <subfield code="c">CDMR</subfield>
  </datafield>
  <datafield tag="080" ind1="2" ind2=" ">
    <subfield code="a">821.134.2-32</subfield>
  </datafield>
  <datafield tag="100" ind1=" " ind2=" ">
    <subfield code="a">Verdaguer, Mario</subfield>
    <subfield code="9">4744</subfield>
  </datafield>
  <datafield tag="245" ind1="1" ind2="0">
    <subfield code="a">Obra in&#xE9;dita / </subfield>
    <subfield code="c">Mario Verdaguer</subfield>
  </datafield>
  <datafield tag="260" ind1=" " ind2=" ">
    <subfield code="a">Palma de Mallorca : </subfield>
    <subfield code="b">Bitzoc, </subfield>
    <subfield code="c">1992</subfield>
  </datafield>
  <datafield tag="300" ind1=" " ind2=" ">
    <subfield code="a">252 p. ; </subfield>
    <subfield code="c">23 cm</subfield>
  </datafield>
  <datafield tag="490" ind1=" " ind2=" ">
    <subfield code="a">Bitzoc literatura ; </subfield>
    <subfield code="v">14-15</subfield>
  </datafield>
  <datafield tag="500" ind1=" " ind2=" ">
    <subfield code="a">N&#xFA;mero monogr&#xE0;fic de Bitzoc Literatura, Revista trimestral de Literatura, 14-15, 1992</subfield>
  </datafield>
  <datafield tag="505" ind1=" " ind2=" ">
    <subfield code="a">Cont&#xE9;: Maravilloso laberinto ; El d&#xED;a trece ; Mirador</subfield>
  </datafield>
  <datafield tag="740" ind1="0" ind2="1">
    <subfield code="a">Maravilloso laberinto</subfield>
  </datafield>
  <datafield tag="740" ind1="3" ind2="1">
    <subfield code="a">El d&#xFFFD;ia trece</subfield>
  </datafield>
  <datafield tag="740" ind1="0" ind2="1">
    <subfield code="a">Mirador</subfield>
  </datafield>
  <datafield tag="942" ind1=" " ind2=" ">
    <subfield code="2">udc</subfield>
    <subfield code="c">MON</subfield>
  </datafield>
  <datafield tag="952" ind1=" " ind2=" ">
    <subfield code="0">0</subfield>
    <subfield code="1">0</subfield>
    <subfield code="4">0</subfield>
    <subfield code="7">1</subfield>
    <subfield code="a">CDMR</subfield>
    <subfield code="b">CDMR</subfield>
    <subfield code="d">2021-12-22</subfield>
    <subfield code="e">Donaci&#xF3;</subfield>
    <subfield code="l">0</subfield>
    <subfield code="o">Du 1/190</subfield>
    <subfield code="p">CDMR21120124</subfield>
    <subfield code="r">2021-12-22</subfield>
    <subfield code="w">2021-12-22</subfield>
    <subfield code="y">MON</subfield>
  </datafield>
</record>
